50 Famous Women from the United Kingdom - Statistics

General Stats
  • This quiz has been taken 139 times
    118 since last reset
  • The average score is 30 of 50
Answer Stats
Hint Answer % Correct
United Kingdom's first woman prime minister Margaret Thatcher
97%
Princess of Wales who died in a car accident in Paris in 1997 Diana
95%
Author of the series of seven Harry Potter novels J.K. Rowling
94%
The Queen regnant and Head of State of the United Kingdom from 1952 to 2022 Elizabeth II
93%
Queen of the United Kingdom of Great Britain and Ireland from 1837 to 1901 Victoria
93%
Fashion designer, singer, and TV personality who was a member of the Spice Girls Victoria Beckham
91%
Singer and songwriter who died of alcohol poisoning on in 2011, at the age of 27 Amy Winehouse
88%
Henry VIII's second wife and Queen of England who was executed by beheading in 1536 Anne Boleyn
87%
Author best remembered for her novel Frankenstein Mary Shelley
87%
Creator of fictional detectives Hercule Poirot and Miss Marple Agatha Christie
86%
Princess of Wales who is married to Prince William Kate Middleton
86%
Singer famous for performing songs Hello, Rolling in the Deep and Someone Like You Adele
85%
Author of Sense and Sensibility and Pride and Prejudice Jane Austen
85%
Actress best known for her role of Hermione Granger in the Harry Potter film series Emma Watson
84%
Novelist, poet and the author of Jane Eyre Charlotte Brontë
83%
Prime minister known for actually taking the UK out of the European Union Theresa May
83%
Actress who starred in Breakfast at Tiffany's, Charade and My Fair Lady Audrey Hepburn
80%
Actress who was the protagonist in the 1997 blockbuster film Titanic Kate Winslet
80%
Social reformer, statistician and the founder of modern nursing Florence Nightingale
78%
Welsh actress who is married to Michael Douglas Catherine Zeta-Jones
74%
Queen consort of the United Kingdom since 2022 Camilla Parker Bowles
73%
Actress and singer who starred as the title character in Walt Disney's Mary Poppins Julie Andrews
70%
Actress who starred in movies like Giant, Cat on a Hot Tin Roof, Cleopatra and Who's Afraid of Virginia Woolf Elizabeth Taylor
65%
Actress probably best-known for her Oscar-winning role for the movie The Queen (2006) Helen Mirren
65%
Singer who achieved international success in the 1980s as a member of Eurythmics Annie Lennox
63%
Author and artist of The Tale of Peter Rabbit and numerous other children’s classics Beatrix Potter
60%
Queen of the Iceni tribe of Celtic Britons, who led an uprising against the Roman Empire Boudicca
60%
Political activist whose suffragette movement and helped women win the right to vote Emmeline Pankhurst
57%
Primatologist and anthropologist, considered the world's foremost expert on chimpanzees Jane Goodall
55%
English-Albanian singer whose famous songs are Be the One and New Rules Dua Lipa
53%
One of the highest-paid supermodels of the 1990s known for her collaboration with Calvin Klein Kate Moss
53%
Singer who recorded Holding Out for a Hero the soundtrack to the 1984 film Footloose Bonnie Tyler
52%
Actress who wrote and starred in Sense and Sensibility (1995) Emma Thompson
49%
Actress who won an Oscar for her performance in Shakespeare In Love Judy Dench
49%
The daughter of Lord Byron who went on to become the world’s first computer programmer Ada Lovelace
48%
Writer whose notable works are Mrs Dalloway, To the Lighthouse and Orlando Virginia Woolf
45%
Known name of Elizabeth I, the last monarch of the House of Tudor, reigning for 44 years Virgin Queen
45%
Model of the late 1980s, the 1990s and the earlier 2000s including modern day Naomi Campbell
44%
The last British tennis player who won Wimbledon after her victory in 1977 Virginia Wade
40%
Actress who played Daenerys Targaryen in the TV series Game of Thrones Emilia Clarke
35%
Media personality, model, and author who gained recognition in the late 1990s under the pseudonym Jordan Katie Price
35%
Scientist who conducted groundbreaking work on DNA and discovered the double helix Rosalind Franklin
29%
TV presenter and the face of the ITV’s This Morning Holly Willoughby
28%
Long-distance runner and a three-time winner of the London Marathon Paula Radcliffe
26%
Queen of Scotland from 1542 until her forced abdication in 1567 Mary Stuart
23%
British record holder in 60 m, 100 m and 200 m sprint races Dina Asher-Smith
15%
Lighthouse keeper's daughter who rescued the survivors from the shipwrecked Forfarshire in 1838 Grace Darling
15%
Fossil collector who recovered fossils which changed the way we view the Jurassic Period Mary Anning
12%
Middle-distance runner who won the gold medal in the 800 metres at the 2024 Paris Olympics Keely Hodgkinson
10%
Journalist who secretly posed as a man to become a soldier during World War I Dorothy Lawrence
2%
No matching quizzes found
Score Distribution
Percent of People with Each Score
Percentile by Number Answered
Your Score History
You have not taken this quiz since the last reset